LEADER 00900nam a2200193 i 4500 001 000000224499 003 CaOOAMICUS 005 20131104000000.0 008 131104s1725 xx u000 u lat u 013 $a203397 026 $as.n- i.t, uma- neti (3) 1725 (R) 040 $aSeMil$bita 245 10$aTomus 2. 300 $a383, [1] p. 500 $aSegn. : A-2A8. 773 0 $aAnnat, Pierre <1638-1745>$tApparatus ad positivam theologiam methodicus, in quo iam reviso multùque ditato, clara, brevis, & expedita delineatur ideae positivae & scholasticae theologiae, scripturae sacrae ... Auctore R.P. Petro Annato .. Tomus 1. [-2.].$bEditio quinta expurgata, accuratior & auctior.$dVenetiis : Ex Typographia Balleoniana, 1725.$g2$w()6231 850 $aSeMil 852 $aSeMil$W1$xVenegono$y1$m2L III 92 FA$j174845$B174845$CSeMilBibl$Z2$F184845 $8I 996 $6245$aTomus 2$9(OLS)http://semarc/title/93022 LEADER 00646nas a2200181 i 4500 001 000000129763 003 CaOOAMICUS 005 20190122152319.0 008 041008b xx uu u0 0und r 013 $a102496 040 $aSeMil$bita 245 10$a[Annate 1990-1992]. 773 0 $tAnnée Philologique.$dParis : Les Belles Lettres $x0184-6949$w()1848 773 0 $tCollection de bibliographie classique.$dParis : Les Belles Lettres, [19--]$w()2756 850 $aSeMil 852 $aSeMil$W1$xVenegono$y1$m117 6 1-3$j83870$B83870$CSeMilBibl$Z2$F87235 $82 996 $6245$a[Annate 1990-1992]$9(OLS)http://semarc/title/420983